000 00759nam a2200229Ii 4500
003 JO-AjNU
008 230605s9999||||xx |||||||||||||| ||und||
017 _a2008/7361
020 _a978-99901-38-24-5
040 _aJO-AjNU
_bara
_erda
_cJO-AjNU
041 _aara
050 1 4 _aDS35.62.2008
100 3 _aتاليف الطوالبة،حسن,
_eauthor
_953096
245 0 0 _aالحضارة العربية الإسلامية
250 _aط1
264 3 1 _aالبحرين: جامعة العلوم التطبيقية، 2008
300 _a315ص
336 _atext
_btxt
_2rdacontent
337 _aunmediated
_bn
_2rdamedia
338 _avolume
_bnc
_2rdacarrier
650 4 _aالتاريخ الاسلامي، البلاد العربية- تاريخ
_953097
999 _aA23560
_c27128
_d27128